A beacon across Asia : (Record no. 24564)
[ view plain ]
| 000 -LEADER | |
|---|---|
| fixed length control field | 01267cam a2200313 i 4500 |
| 001 - CONTROL NUMBER | |
| control field | 24564 |
| 003 - CONTROL NUMBER IDENTIFIER | |
| rucl marc code | BD-RjUL |
| 005 - DATE AND TIME OF LATEST TRANSACTION | |
| control field | 20211209001052.0 |
| 008 - FIXED-LENGTH DATA ELEMENTS--GENERAL INFORMATION | |
| fixed length control field | 140313s1973 ii f b 001 0beng |
| 035 ## - SYSTEM CONTROL NUMBER | |
| System control number | (BD-RjUL)24632 |
| 040 ## - CATALOGING SOURCE | |
| Original cataloging agency | DLC |
| Transcribing agency | DLC |
| Modifying agency | DLC |
| -- | BD-RjUL |
| Language of cataloging | eng |
| 041 ## - LANGUAGE CODE | |
| Language code of text/sound track or separate title | eng |
| 082 00 - DEWEY DECIMAL CLASSIFICATION NUMBER | |
| Classification number | 954.0350924 |
| Author mark and year | BEA |
| 245 02 - TITLE STATEMENT | |
| Title | A beacon across Asia : |
| Remainder of title | a biography of Subhas Chandra Bose / |
| Statement of responsibility, etc. | editorial board, Sisir K. Bose, editor-in-chief, Alexander Werth, S. A. Ayer ; contributors, N. G. Jog ... [et al.]. |
| 260 ## - PUBLICATION, DISTRIBUTION, ETC. (IMPRINT) | |
| Place of publication, distribution, etc. | New Delhi : |
| Name of publisher, distributor, etc. | Orient Longman, |
| Date of publication, distribution, etc. | 1973. |
| 300 ## - PHYSICAL DESCRIPTION | |
| Pagination | xvi, 340 p., [5] leaves of plates ; |
| Size | 22 cm. |
| 500 ## - GENERAL NOTE | |
| General note | "The Japanese and German editions, edited by Mr. Fred Saito and Dr. Alexander Werth respectively, were published in 1971." |
| General note | Appendices (p. 255-321]: Letters and addresses of Subhas Chandra Bose. |
| General note | Includes index. |
| 504 ## - BIBLIOGRAPHY, ETC. NOTE | |
| Bibliography, etc | Bibliography: p. 323-332. |
| 600 10 - SUBJECT ADDED ENTRY--PERSONAL NAME | |
| Personal name | Bose, Subhas Chandra, |
| Dates associated with a name | 1897-1945. |
| 651 #0 - SUBJECT ADDED ENTRY--GEOGRAPHIC NAME | |
| Geographic name | India |
| General subdivision | Politics and government |
| Chronological subdivision | 1919-1947. |
| 9 (RLIN) | 75597 |
| 700 1# - ADDED ENTRY--PERSONAL NAME | |
| Personal name | Bose, Subhas Chandra, |
| Dates associated with a name | 1897-1945. |
| Personal name | Bose, Sisir Kumar, |
| Dates associated with a name | 1920-2000. |
| Personal name | Jog, Narayan Gopal. |
| 942 ## - ADDED ENTRY ELEMENTS (KOHA) | |
| Source of classification or shelving scheme | Dewey Decimal Classification |
| Koha item type | Books |
| Lost status | Source of classification or shelving scheme | Damaged status | Not for loan | Collection code | Permanent Location | Current Location | Shelving location | Date acquired | Source of acquisition | Cost, normal purchase price | Total Checkouts | Full call number | Date last seen | Copy number | Koha item type |
|---|---|---|---|---|---|---|---|---|---|---|---|---|---|---|---|
| Dewey Decimal Classification | Added to bundle | Non-fiction | Central Library, University of Rajshahi | Central Library, University of Rajshahi | Reading Room | 10/05/1980 | K.P. Bangali and calcuta | 40.00 | 954.0350924 BEA 1973 | 13/03/2014 | C-1 | Books |